|
|
|
|
| LEADER |
00000cam a2200000 a 4500 |
| 001 |
1/116765 |
| 008 |
180607s2011####gr a ||| |||| ||gre|| |
| 020 |
|
|
|a 9789606796203
|
| 040 |
|
|
|a GR-MyUa
|b gre
|c GR-MyUa
|e AACR2
|
| 041 |
0 |
|
|a gre
|
| 082 |
7 |
|
|a 726.5109495
|2 (23)
|
| 100 |
1 |
|
|a Γουλάκη Βουτυρά, Αλεξάνδρα.
|
| 245 |
1 |
0 |
|a Χίος, Λέσβος και η εκκλησιαστική γλυπτική στο Αιγαίο (16ος-20ος αι.) /
|c Αλεξάνδρα Γουλάκη-Βουτυρά, Γιώργος Καραδέδος.
|
| 260 |
|
|
|a Θεσσαλονίκη :
|b Μέθεξις,
|c 2011.
|
| 300 |
|
|
|a 458 σ. :
|b εικ. ;
|c 29 εκ. +
|e 1 οπτικός δίσκος λέϊζερ (4 3/4 ίν.)
|
| 500 |
|
|
|a Η έκδοση τελεί υπό την αιγίδα του Τμήματος Αρχιτεκτόνων της Πολυτεχνικής Σχολής του Α.Π.Θ. και του Ευρωπαϊκού Κέντρου Βυζαντινών και Μεταβυζαντινών Μνημείων.
|
| 500 |
|
|
|a Το CD περιέχει εικονογραφικό υλικό.
|
| 504 |
|
|
|a Περιέχει βιβλιογραφία (σ. 439-442) και ευρετήρια.
|
| 505 |
8 |
|
|a Προλεγόμενα -- Εισαγωγικά -- Μέρος πρώτο: Χίος, Λέσβος και η εκκλησιαστική γλυπτική στο Αιγαίο (16ος-20ός αι.) -- Α. Τέμπλα -- 1. Μαρμάρινα και μικτά τέμπλα -- 2. Ξυλόγλυπτα τέμπλα -- Β. Άλλα εκκλησιαστικά έργα -- 1. Άμβωνες -- 2. Δεσποτικοί θρόνοι -- 3. Προσκυνητάρια -- 4. Δάπεδα -- 5. Εσωτερικός διάκοσμος (γύψινος και ζωγραφικός) -- 6. Εξωτερικός διάκοσμος (θυρώματα, προσόψεις) -- 7. Κρήνες ναών -- 8. Καμπαναριά -- Γ. Τεχνικές και μυστικά της δουλειάς στην εκκλησιαστική γλυπτική -- Δ. Εικόνες-Σχέδια -- Μέρος δεύτερο: Κατάλογος έργων σε ναούς και μονές της Χίου και της Λέσβου -- Βιβλιογραφία-συντομογραφίες -- Ευρετήριο κυρίων ονομάτων -- Ευρετήριο τοπωνυμίων, ναών και μονών -- Προέλευση εικόνων -- Αγγλική περίληψη.
|
| 650 |
|
0 |
|a Church buildings
|z Greece
|z Lesbos (Municipality)
|
| 650 |
|
0 |
|a Church buildings
|z Greece
|z Chios (Municipality)
|
| 650 |
|
0 |
|a Church architecture
|z Greece
|z Lesbos (Nome)
|
| 650 |
|
0 |
|a Church architecture
|z Greece
|z Chios (Municipality)
|
| 650 |
|
0 |
|a Church decoration and ornament.
|
| 650 |
|
0 |
|a Christian art and symbolism
|z Greece
|z Lesbos (Municipality)
|
| 650 |
|
0 |
|a Christian art and symbolism
|z Greece
|z Chios (Municipality)
|
| 700 |
1 |
|
|a Καραδέδος, Γιώργος.
|
| 852 |
|
|
|a INST
|b LESVOS
|c EUDOXUS
|e 20180607
|h 726.5109495 ΓΟΥ
|p 005100060408
|q 005100060408
|t EDX
|y 4
|x 20210510
|
| 852 |
|
|
|a INST
|b LESVOS
|c EUDOXUS
|e 20180607
|h 726.5109495 ΓΟΥ
|p 005100060409
|q 005100060409
|t EDX
|y 4
|x 20210510
|
| 920 |
|
|
|a Εύδοξος
|b Παραγγελία
|y Λέσβος
|z 2018-04
|
| 970 |
|
|
|a Τζαφέρη
|b Ευαγγελία
|z 07-06-2018
|